Normal view MARC view
  • Cabello López, Lutz

Entry Nombre Personal

Number of records used in: 5

001 - NUMERO DE CONTROL

  • campo de control: 36289

003 - IDENTIFICADOR DE NUMERO DE CONTROL

  • campo de control: UPN

005 - FECHA Y HORA DE LA ÜLTIMA TRANSACCIÓN

  • campo de control: 20220121124741.0

008 - DATOS DE LONGITUD FIJA

  • campo de control de longitud fija: 220121ng acannaabn b aaa d

035 ## - NUMERO DE CONTROL

  • Número de control: UPN11000008396

040 ## - FUENTE DE CATALOGACIÓN

  • Lenguaje de catalogación: SPA
  • Agencia de transcripción: UPN
  • Agencia original de catalogación: UPN

053 #4 - NÚMERO DE CLASIFICACIÓN LC

  • Número de clasificación elemento-número único o número inicial de tramo: PQ6653 A3.4

100 1# - ENCABEZAMIENTO - NOMBRE PERSONAL

  • Nombre personal: Cabello López, Lutz

400 1# - VEÁSE - NOMBRE DE PERSONA

  • Personal name: Cabello, Lutz

400 1# - VEÁSE - NOMBRE DE PERSONA

  • Personal name: Cabello López, Lutgarda

670 ## - FUENTE EN LA QUE SE LOCALIZARON DATOS

  • Cita de la fuente: LC

680 ## - NOTA PUBLICA DE ACCESO PÚBLICO

  • Frase explicativa de la referencia: Escritora española de literatura infantil y juvenil

902 ## - CATALOGADOR

  • Catalogador: CAA/160115